[Event "KUW-ch"]
[Site "Kuwait City"]
[Date "2024.02.01"]
[Round "9"]
[White "Almohammad, Hamad"]
[Black "Alansari, Omar"]
[Result "0-1"]
[WhiteElo "1296"]
[BlackElo "1262"]
[PlyCount "102"]
[EventDate "2024.01.22"]
[EventType "swiss"]
[EventRounds "9"]
[EventCountry "KUW"]
[SourceTitle "CBM 218 Extra"]
[Source "ChessBase"]
[SourceDate "2024.03.31"]
[SourceVersion "1"]
[SourceVersionDate "2024.03.31"]
[SourceQuality "1"]

1. d4 d5 2. Bf4 e6 3. e3 c5 4. c3 Nc6 5. Nf3 Nf6 6. Bd3 Bd6 7. Ne5 Qc7 8. Nxc6 Bxf4 9. exf4 bxc6 10. g3 cxd4 11. cxd4 Qb6 12. Qa4 0-0 13. b3 c5 14. dxc5 Qxc5 15. 0-0 Bd7 16. Qa6 Rfb8 17. Be2 Rb6 18. Qd3 Bb5 19. Qf3 Bxe2 20. Qxe2 Rc6 21. Nd2 Rac8 22. Rac1 Qa5 23. Rxc6 Rxc6 24. Nf3 h6 25. Nd4 Rc8 26. Nxe6 Re8 27. f5 fxe6 28. fxe6 Qb6 29. Re1 Ne4 30. Qe3 Qxe3 31. Rxe3 Rxe6 32. f3 Ng5 33. Rxe6 Nxe6 34. Kf2 Kf7 35. Ke3 Kf6 36. b4 g5 37. a4 Ke5 38. a5 a6 39. h4 d4+ 40. Kd3 Kd5 41. hxg5 hxg5 42. b5 axb5 43. a6 Nc5+ 44. Ke2 Nxa6 45. f4 gxf4 46. gxf4 b4 47. f5 Nc5 48. f6 Ne6 49. Kd3 b3 50. f7 Kc5 51. Ke4 Ng5+ 0-1

[Event "KUW-ch"]
[Site "Kuwait City"]
[Date "2024.01.28"]
[Round "6"]
[White "Alruwaiyeh, Musa"]
[Black "Almohammad, Hamad"]
[Result "0-1"]
[WhiteElo "1505"]
[BlackElo "1296"]
[PlyCount "80"]
[EventDate "2024.01.22"]
[EventType "swiss"]
[EventRounds "9"]
[EventCountry "KUW"]
[SourceTitle "CBM 218 Extra"]
[Source "ChessBase"]
[SourceDate "2024.03.31"]
[SourceVersion "1"]
[SourceVersionDate "2024.03.31"]
[SourceQuality "1"]

1. e4 c6 2. d3 d5 3. Nd2 dxe4 4. dxe4 e5 5. Ngf3 Bg4 6. h3 Bxf3 7. Qxf3 Nf6 8. Bc4 b5 9. Bb3 a5 10. a4 Bc5 11. 0-0 0-0 12. Rd1 Qe7 13. Nf1 Nbd7 14. Bg5 h6 15. Bh4 Rfd8 16. Ng3 g6 17. Rxd7 Rxd7 18. Bxf6 Qe8 19. Qg4 Kh7 20. Nf5 Bf8 21. h4 Rd2 22. Qf3 Qd7 23. Ng3 bxa4 24. Rxa4 Bc5 25. Ne2 Rd1+ 26. Kh2 Rf1 27. Bxe5 Rxf2 28. Qc3 Qg4 29. Bg3 Bd6 30. e5 Qxe2 31. exd6 Rxg2+ 32. Kh3 Qf1 33. Rf4 Rf2+ 34. Kg4 h5+ 35. Kg5 Qb5+ 36. Kf6 Rxf4+ 37. Bxf4 Qf5+ 38. Ke7 Ra7+ 39. d7 Qxd7+ 40. Kf6 Qf5# 0-1

[Event "KUW-ch"]
[Site "Kuwait City"]
[Date "2023.02.11"]
[Round "9"]
[White "Hashem, Khaled"]
[Black "Almohammad, Hamad"]
[Result "1-0"]
[WhiteElo "1936"]
[BlackElo "1302"]
[PlyCount "127"]
[EventDate "2023.02.01"]
[EventType "swiss"]
[EventRounds "9"]
[EventCountry "KUW"]
[SourceTitle "CBM 213 Extra"]
[Source "ChessBase"]
[SourceDate "2023.05.31"]
[SourceVersion "1"]
[SourceVersionDate "2023.05.31"]
[SourceQuality "1"]

1. d4 d5 2. c4 c6 3. Nc3 Nf6 4. Nf3 dxc4 5. a4 Bf5 6. Ne5 e6 7. f3 Bb4 8. e4 Bg6 9. Bxc4 Nbd7 10. Nd3 Be7 11. Be3 h6 12. 0-0 0-0 13. a5 Qc7 14. Bf4 Qc8 15. Rc1 Rd8 16. e5 Bxd3 17. Bxd3 Nd5 18. Nxd5 exd5 19. Bd2 Nf8 20. f4 Nh7 21. Qh5 Rf8 22. Rf3 c5 23. Rg3 Qc6 24. h4 c4 25. f5 Kh8 26. f6 Bxf6 27. Bxh7 Kxh7 28. exf6 Qxf6 29. Qe5 Qxe5 30. dxe5 b5 31. Bc3 g6 32. Kf2 Rab8 33. Ke3 b4 34. Bd4 Rb7 35. Rf3 h5 36. Rf6 Rd8 37. Rcf1 Kg8 38. g4 hxg4 39. h5 gxh5 40. Rh1 Kf8 41. Rxh5 c3 42. b3 Rc7 43. Rh1 Ke7 44. Rxf7+ Kxf7 45. Rh7+ Ke6 46. Rxc7 Rg8 47. Kf2 g3+ 48. Kg2 Rg4 49. Bxa7 d4 50. Bxd4 Rxd4 51. a6 Rd7 52. Rxd7 Kxd7 53. a7 c2 54. a8Q c1Q 55. Qd5+ Ke8 56. Kxg3 Qe1+ 57. Kf4 Qh4+ 58. Kf5 Qh5+ 59. Kf6 Qh6+ 60. Kf5 Qh5+ 61. Ke4 Qe2+ 62. Kd4 Qd2+ 63. Kc5 Qc3+ 64. Kd6 1-0